000 01097nam a22002777a 4500
005 20240530110626.0
008 170104s2015 ua a g b 000 0 ara d
017 _a2014/21119
_bمصر. دار الكتب
020 _a9789773192068
040 _aEG-CaGPL
_cEG-CaGPL
082 0 4 _221
_a302.23\
_bأ ت
100 0 _aاشرف قادوس
245 1 2 _aالتليفزيون السياسى :
_bالمعالجة التليفزيونية للقضايا السياسية /
_cاشرف قادوس
250 _aط. 1
260 _aالقاهرة :
_bالعربى للنشر و التوزيع ،
_c2015.
300 _a223 ص. :
_bجداول ؛
_c24 سم.
504 _aيشتمل على ارجاعات ببليوجرافية
650 0 7 _2qrmak
_aوسائل الاعلام
650 0 7 _2qrmak
_aالتليفزيون
_xاخلاقيات
650 0 7 _2qrmak
_aالتليفزيون
_xالجوانب السياسية
650 0 7 _2qrmak
_aالراى العام
650 0 7 _2qrmak
_aالوعى الاجتماعى
651 _2qrmak
942 _2ddc
_cBK
999 _c63156
_d63156